000
00304nam a22001217a 4500
008
230627b xxu||||| |||| 00| 0 eng d
082
_a
338.9
_b
JDS 1999
245
_a
The Journal of Development Studies
260
_a
UK
_b
Frank Cass Publishers
_c
1999
300
_a
183p
440
_n
3
_v
35
942
_2
ddc
_c
BK
999
_c
2876
_d
2876